000 00521nam a2200181Ia 4500
005 20220616154436.0
008 131103s9999 xx 000 0 und d
040 _aLoreto College
041 _aEnglish
082 _a304.2
_bBRU
100 _aBrunhes,Jean
245 _aHuman Geography
_b An attempt at a positive classification princibles and examples
_cJean Brunhes
260 _aCalcutta
_bGeorge G.Harrap & Co. Ltd.
_c[19 - ?]
300 _a648 p.
650 _aHuman Geography
850 _aLCLIB
942 _cBK
999 _c19176
_d69655